[Event "Mislata op 50th"]
[Site "Mislata"]
[Date "2016.08.09"]
[Round "3"]
[White "Carrasco Sagredo, Manuel"]
[Black "Perez Manas, Benjamin"]
[Result "0-1"]
[WhiteElo "2113"]
[BlackElo "2294"]
[PlyCount "126"]
[EventDate "2016.08.08"]
[EventType "swiss"]
[EventRounds "9"]
[EventCountry "ESP"]
[SourceTitle "EXT 2017"]
[Source "ChessBase"]
[SourceDate "2016.10.25"]
[SourceVersion "1"]
[SourceVersionDate "2016.10.25"]
[SourceQuality "1"]

1. e4 c6 2. d4 d5 3. exd5 cxd5 4. Bd3 Nc6 5. c3 Nf6 6. h3 g6 7. Bf4 Bg7 8. Nf3 Qb6 9. Na3 a6 10. Rb1 0-0 11. 0-0 Bd7 12. Re1 Rfe8 13. Nc2 Nd8 14. Ne3 Bb5 15. Bc2 a5 16. Ne5 Nc6 17. a4 Ba6 18. Qf3 e6 19. N3g4 Nxe5 20. Nxe5 Qd8 21. Bg5 h6 22. Bh4 Rc8 23. g4 g5 24. Bg3 Re7 25. Re3 Ne8 26. Rbe1 Nd6 27. Qd1 b6 28. Bb1 Bb7 29. f3 Ne8 30. h4 Nf6 31. hxg5 hxg5 32. Kf2 Qe8 33. Rh1 Nd7 34. Qd3 Nf8 35. Qd1 f6 36. Nd3 Bc6 37. Bc2 e5 38. Bb3 exd4 39. Rxe7 Qxe7 40. Re1 Qd7 41. cxd4 Ne6 42. Nc1 f5 43. Rxe6 Qxe6 44. gxf5 Qxf5 45. Kg2 Be8 46. Ne2 Bf7 47. Nc3 Be6 48. Nb5 Rf8 49. Qe2 Bd7 50. Qe3 Re8 51. Qd2 g4 52. Bd1 Bxb5 53. axb5 gxf3+ 54. Bxf3 Rc8 55. Qe3 Rc2+ 56. Bf2 Rxb2 57. Kg3 Bf8 58. Qe8 Rb3 59. Be3 Kg7 60. Bg4 Bd6+ 61. Kh4 Qh7+ 62. Bh5 Qe4+ 63. Qxe4 dxe4 0-1

[Event "Mislata op 50th"]
[Site "Mislata"]
[Date "2016.08.08"]
[Round "1"]
[White "Carrasco Sagredo, Manuel"]
[Black "Diaz Velandia, Jose Manuel"]
[Result "0-1"]
[WhiteElo "2113"]
[BlackElo "2343"]
[PlyCount "64"]
[EventDate "2016.08.08"]
[EventType "swiss"]
[EventRounds "9"]
[EventCountry "ESP"]
[SourceTitle "CBM 173 Extra"]
[Source "ChessBase"]
[SourceDate "2016.08.29"]
[SourceVersion "1"]
[SourceVersionDate "2016.08.29"]
[SourceQuality "1"]

1. e4 c6 2. d4 d5 3. e5 c5 4. Nf3 Nc6 5. c4 cxd4 6. Nxd4 e6 7. Nc3 Bb4 8. Nxc6 bxc6 9. Bd2 Ne7 10. Bd3 dxc4 11. Be4 Qd4 12. Qf3 Nd5 13. Rd1 Qxe5 14. 0-0 Bd6 15. g3 0-0 16. Rfe1 Qf6 17. Qh5 g6 18. Qe2 Ba6 19. h4 Rab8 20. Bg5 Qg7 21. Qd2 Rfc8 22. Bh6 Qh8 23. h5 Be5 24. hxg6 hxg6 25. Bxd5 cxd5 26. Rxe5 Qxe5 27. Bf4 Qf5 28. Qd4 Rb7 29. Re1 f6 30. Re3 g5 31. Bd6 Rxb2 32. g4 Qxf2+ 0-1

[Event "Alzira Christmas op 3rd"]
[Site "Alzira"]
[Date "2013.12.28"]
[Round "4"]
[White "Colls Gelaberto, Emilio"]
[Black "Carrasco Sagredo, Manuel"]
[Result "1-0"]
[WhiteElo "2147"]
[BlackElo "2148"]
[PlyCount "103"]
[EventDate "2013.12.27"]
[EventType "swiss"]
[EventRounds "7"]
[EventCountry "ESP"]
[SourceTitle "CBM 158 Extra"]
[Source "ChessBase"]
[SourceDate "2014.02.28"]
[SourceVersion "1"]
[SourceVersionDate "2014.02.28"]
[SourceQuality "1"]

1. d4 d5 2. Nf3 Nf6 3. c4 e6 4. g3 Bb4+ 5. Bd2 Be7 6. Bg2 0-0 7. Qc2 b6 8. Ne5 Bb7 9. Nc3 Nbd7 10. Rd1 Qc8 11. Nxd7 Qxd7 12. 0-0 Ba6 13. cxd5 exd5 14. Bg5 c6 15. Rfe1 b5 16. Nb1 Rac8 17. Nd2 c5 18. dxc5 Bxc5 19. Qd3 Ng4 20. Rf1 h6 21. Be3 Bxe3 22. fxe3 Qe7 23. Bh3 Qxe3+ 24. Qxe3 Nxe3 25. Bxc8 Bxc8 26. Nb3 Nxd1 27. Rxd1 Be6 28. Nd4 Rc8 29. Rd2 b4 30. Kf2 g5 31. Rc2 Rxc2 32. Nxc2 a5 33. Ke3 Bf5 34. Nd4 Bb1 35. a3 bxa3 36. bxa3 Be4 37. Nc6 a4 38. Kd4 Kg7 39. Nb4 Kg6 40. Na2 Kf5 41. Nc3 Kg4 42. Nxa4 Kh3 43. Ke3 Kxh2 44. Kf2 h5 45. Nc3 h4 46. gxh4 g4 47. e3 d4 48. Nxe4 f5 49. Nd2 f4 50. exf4 g3+ 51. Kf3 g2 52. Ke4 1-0

[Event "Benidorm op U2300 11th"]
[Site "Benidorm"]
[Date "2012.11.30"]
[Round "1"]
[White "Tejedor Fuente, Enrique"]
[Black "Carrasco Sagredo, Manuel"]
[Result "1-0"]
[WhiteElo "2297"]
[BlackElo "2133"]
[PlyCount "93"]
[EventDate "2012.11.30"]
[EventType "swiss"]
[EventRounds "10"]
[EventCountry "ESP"]
[SourceTitle "EXT 2014"]
[Source "ChessBase"]
[SourceDate "2013.11.20"]
[SourceVersion "1"]
[SourceVersionDate "2013.11.20"]
[SourceQuality "1"]

1. e4 c5 2. Nf3 e6 3. d4 cxd4 4. Nxd4 Nf6 5. Nc3 d6 6. Be3 a6 7. Bd3 Be7 8. 0-0 e5 9. Nb3 Be6 10. Kh1 Nbd7 11. f4 Qc7 12. Qf3 0-0 13. f5 Bc4 14. g4 d5 15. g5 dxe4 16. Nxe4 Nxe4 17. Bxe4 f6 18. g6 Rfd8 19. Rg1 Nf8 20. gxh7+ Nxh7 21. h4 Bb5 22. Rg2 Rd7 23. Rag1 Bf8 24. h5 Bc6 25. Nd2 Rad8 26. h6 Ng5 27. Bxg5 fxg5 28. Bxc6 Qxc6 29. Ne4 Rd4 30. Nxg5 Rh4+ 31. Rh2 Rxh2+ 32. Kxh2 Qxh6+ 33. Nh3 Rd2+ 34. Rg2 e4 35. Qxe4 Bd6+ 36. Kg1 Rd1+ 37. Kf2 Qxh3 38. Qe6+ Kf8 39. Qc8+ Kf7 40. Rxg7+ Kf6 41. Rg6+ Ke5 42. Qe6+ Kf4 43. Qc4+ Ke5 44. Re6+ Kxf5 45. Qe4+ Kg5 46. Qg6+ Kf4 47. Re4# 1-0

[Event "Calvia Amateur op 7th"]
[Site "Calvia"]
[Date "2010.10.11"]
[Round "3"]
[White "Carrasco Sagredo, Manuel"]
[Black "Oliver Font, Jose Luis"]
[Result "1-0"]
[WhiteElo "2157"]
[BlackElo "1902"]
[PlyCount "81"]
[EventDate "2010.10.09"]
[EventType "swiss"]
[EventRounds "9"]
[EventCountry "ESP"]
[SourceTitle "EXT 2011"]
[Source "ChessBase"]
[SourceDate "2010.11.26"]
[SourceVersion "1"]
[SourceVersionDate "2010.11.26"]
[SourceQuality "1"]

1. d4 Nf6 2. c4 c5 3. d5 b5 4. Nd2 g6 5. e4 d6 6. b3 Bg7 7. Bb2 Nbd7 8. cxb5 a6 9. Ngf3 0-0 10. Qc2 Qa5 11. Bc3 Qc7 12. a4 Ng4 13. h3 Nge5 14. Nxe5 Bxe5 15. Nf3 Bxc3+ 16. Qxc3 Nf6 17. Nd2 Bd7 18. bxa6 Rfb8 19. Bc4 Bc8 20. 0-0 Bxa6 21. Rfe1 Bxc4 22. Nxc4 Rb4 23. Re3 Qb7 24. Rae1 Qa6 25. Rf3 Rab8 26. Qc2 Nd7 27. Ree3 f6 28. Rg3 Ne5 29. Nxe5 fxe5 30. Rc3 Qb6 31. h4 Qd8 32. h5 Kg7 33. Qd2 Rxe4 34. hxg6 hxg6 35. Qg5 Qe8 36. Rh3 Qf7 37. Rcf3 Rf4 38. Qh6+ Kf6 39. Rxf4+ exf4 40. Qxf4+ Kg7 41. Rh7+ 1-0

[Event "Calvia Amateur op 7th"]
[Site "Calvia"]
[Date "2010.10.10"]
[Round "2"]
[White "Burton, Graham P"]
[Black "Carrasco Sagredo, Manuel"]
[Result "1-0"]
[WhiteElo "2080"]
[BlackElo "2157"]
[PlyCount "61"]
[EventDate "2010.10.09"]
[EventType "swiss"]
[EventRounds "9"]
[EventCountry "ESP"]
[SourceTitle "EXT 2011"]
[Source "ChessBase"]
[SourceDate "2010.11.26"]
[SourceVersion "1"]
[SourceVersionDate "2010.11.26"]
[SourceQuality "1"]

1. e4 g6 2. d4 Bg7 3. Nf3 c6 4. Nc3 d5 5. h3 Nh6 6. Bd3 f6 7. 0-0 0-0 8. Qe2 Nf7 9. e5 fxe5 10. Nxe5 Nxe5 11. dxe5 Be6 12. f4 c5 13. b3 Nc6 14. Na4 c4 15. bxc4 dxc4 16. Be4 Qd4+ 17. Kh1 Qxa1 18. Bb2 Qxa2 19. Ra1 Qxa1+ 20. Bxa1 Rxf4 21. Nc5 Bf5 22. Bxc6 bxc6 23. g3 Bd3 24. cxd3 cxd3 25. Qxd3 Rf5 26. g4 Rf2 27. Bd4 Rf7 28. Ne6 c5 29. Bc3 Bh8 30. Ng5 Rf2 31. Qd5+ 1-0

[Event "Calvia Amateur op 7th"]
[Site "Calvia"]
[Date "2010.10.09"]
[Round "1"]
[White "Carrasco Sagredo, Manuel"]
[Black "Jernselius, Kjell"]
[Result "1-0"]
[WhiteElo "2157"]
[BlackElo "1897"]
[PlyCount "61"]
[EventDate "2010.10.09"]
[EventType "swiss"]
[EventRounds "9"]
[EventCountry "ESP"]
[SourceTitle "EXT 2011"]
[Source "ChessBase"]
[SourceDate "2010.11.26"]
[SourceVersion "1"]
[SourceVersionDate "2010.11.26"]
[SourceQuality "1"]

1. d4 g6 2. c4 Bg7 3. Nc3 d6 4. e4 Nc6 5. Be3 e5 6. Nge2 a6 7. d5 Nce7 8. Ng3 f5 9. exf5 Nxf5 10. Nxf5 Bxf5 11. g4 Bd7 12. Bg2 Qh4 13. Ne4 Bxg4 14. Qb3 Bc8 15. c5 Qd8 16. cxd6 cxd6 17. Bb6 Qd7 18. Rc1 Bf8 19. Rc7 Qf5 20. 0-0 Be7 21. Ng3 Qg4 22. Rfc1 Bd7 23. R1c4 e4 24. h3 Qg5 25. Rxd7 Nf6 26. Rxb7 Qxd5 27. Bd4 Qe6 28. Rcc7 d5 29. Rxe7+ Qxe7 30. Rxe7+ Kxe7 31. Qb7+ 1-0

[Event "Calvia Amateur op 6th"]
[Site "Calvia"]
[Date "2009.10.16"]
[Round "7"]
[White "Carrasco Sagredo, Manuel"]
[Black "Galiana Salom, Juan Ramon"]
[Result "0-1"]
[WhiteElo "2133"]
[BlackElo "2216"]
[PlyCount "102"]
[EventDate "2009.10.10"]
[EventType "swiss"]
[EventRounds "9"]
[EventCountry "ESP"]
[SourceTitle "CBM 132 Extra"]
[Source "ChessBase"]
[SourceDate "2009.11.03"]
[SourceVersion "1"]
[SourceVersionDate "2009.11.03"]
[SourceQuality "1"]

1. c4 e5 2. Nc3 Nf6 3. g3 d5 4. cxd5 Nxd5 5. Bg2 Nb6 6. Nf3 Nc6 7. 0-0 Be7 8. d3 0-0 9. Be3 Bg4 10. a4 a5 11. h3 Bh5 12. g4 Bg6 13. Bxb6 cxb6 14. Qb3 Bb4 15. Nd5 Bc5 16. Rad1 Re8 17. e3 Bb4 18. Nd2 Kh8 19. Nc4 f5 20. gxf5 Bxf5 21. d4 e4 22. Nxb4 axb4 23. Rd2 Qf6 24. Qd1 Qh6 25. Kh2 Rad8 26. Rh1 Rf8 27. b3 Ne7 28. Ne5 Nd5 29. Qe2 Qh4 30. f4 exf3 31. Nxf3 Qh6 32. Re1 Nc3 33. Qf1 Ne4 34. Rde2 Rde8 35. Ne5 Bxh3 36. Bxh3 Rxf1 37. Rxf1 Kg8 38. Rf3 Qd6 39. Kg1 g6 40. Bf1 Rf8 41. Rxf8+ Kxf8 42. Bg2 Nf6 43. Bxb7 Kg7 44. Rc2 Nd5 45. Bxd5 Qxd5 46. Nc4 Qe4 47. Rb2 h5 48. Kf2 h4 49. Ne5 g5 50. Nf3 Qg4 51. Ne5 Qg3+ 0-1

[Event "Mislata op 14th"]
[Site "Mislata"]
[Date "2006.08.28"]
[Round "7"]
[White "Carrasco Sagredo, Manuel"]
[Black "Longa Yauca, Javier"]
[Result "0-1"]
[WhiteElo "2099"]
[BlackElo "2311"]
[PlyCount "86"]
[EventDate "2006.08.22"]
[EventType "swiss"]
[EventRounds "9"]
[EventCountry "ESP"]
[SourceTitle "CBM 113 Extra"]
[Source "ChessBase"]
[SourceDate "2006.09.14"]
[SourceVersion "1"]
[SourceVersionDate "2006.09.14"]
[SourceQuality "1"]

1. e4 e5 2. Nf3 Nc6 3. Bc4 Nf6 4. d3 h6 5. c3 Be7 6. 0-0 d6 7. Bb3 0-0 8. Re1 Kh8 9. h3 Bd7 10. Nbd2 Nh7 11. d4 Ng5 12. d5 Nb8 13. Nf1 Nxf3+ 14. Qxf3 f5 15. exf5 Bxf5 16. Ne3 Bh7 17. Qe2 Nd7 18. Bc2 Bg8 19. c4 a5 20. a4 Nc5 21. Nf5 Bg5 22. f4 exf4 23. h4 Bxh4 24. Bxf4 Bh7 25. Qg4 Bg5 26. Ra3 Bxf5 27. Bxf5 Qf6 28. Bxg5 Qxf5 29. Qxf5 Rxf5 30. Bc1 Raf8 31. Rg3 Nxa4 32. b3 Nc5 33. Bb2 R8f7 34. Ree3 Kh7 35. Rg4 Rf1+ 36. Kh2 Rb1 37. Bc3 Rxb3 38. Reg3 g5 39. Re3 Kg6 40. Rgg3 Rf4 41. Re7 Rh4+ 42. Kg1 Rb1+ 43. Kf2 Ne4+ 0-1

[Event "Cullera op 26th"]
[Site "Cullera"]
[Date "2005.07.24"]
[Round "3.32"]
[White "Carrasco Sagredo, Manuel"]
[Black "Alcaraz Soriano, Angela"]
[Result "0-1"]
[WhiteElo "2121"]
[BlackElo "2011"]
[PlyCount "116"]
[EventDate "2005.07.21"]
[EventType "swiss"]
[EventRounds "9"]
[EventCountry "ESP"]
[SourceTitle "CBM 107 Extra"]
[Source "ChessBase"]
[SourceDate "2005.09.01"]
[SourceVersion "1"]
[SourceVersionDate "2005.09.01"]
[SourceQuality "1"]

1. e4 c5 2. Nf3 d6 3. d4 Nf6 4. Nc3 cxd4 5. Nxd4 a6 6. a4 e5 7. Nb3 Be6 8. Bg5 Nbd7 9. Nd5 Be7 10. Bxf6 Nxf6 11. Nxf6+ Bxf6 12. Qd2 0-0 13. Rd1 Qc7 14. Bd3 Rad8 15. Qa5 b6 16. Qxa6 Ra8 17. Qb5 Bd7 18. Qc4 Qxc4 19. Bxc4 Rxa4 20. Nd2 Rc8 21. Bb3 Rb4 22. c3 Rxb3 23. Nxb3 Ba4 24. Nc1 Bxd1 25. Kxd1 d5 26. exd5 Rc5 27. Kc2 Rxd5 28. Rd1 Rxd1 29. Kxd1 Kf8 30. Kc2 Ke7 31. c4 e4 32. Ne2 Kd6 33. Ng3 Ke5 34. b4 Be7 35. Kb3 f5 36. Ka4 f4 37. Ne2 e3 38. f3 g5 39. Kb5 Bd8 40. Kc6 Be7 41. Kxb6 Bxb4 42. c5 Kd5 43. c6 Bd6 44. c7 Bxc7+ 45. Kxc7 Kc4 46. Kd6 Kd3 47. Nc1+ Kd2 48. Nb3+ Kd1 49. Nd4 e2 50. Nxe2 Kxe2 51. Ke5 Kf2 52. Kf5 Kxg2 53. Kxg5 Kxf3 54. h4 Kg3 55. h5 f3 56. Kf6 f2 57. Kg7 f1Q 58. Kxh7 Qf7+ 0-1

[Event "Cullera op-A 25th"]
[Site "Cullera"]
[Date "2004.07.27"]
[Round "7"]
[White "Cano Gimenez, Vicente"]
[Black "Carrasco Sagredo, Manuel"]
[Result "1-0"]
[WhiteElo "2203"]
[BlackElo "2095"]
[PlyCount "123"]
[EventDate "2004.07.??"]
[EventType "swiss"]
[EventRounds "9"]
[EventCountry "ESP"]
[SourceTitle "CBM 101 Extra"]
[Source "ChessBase"]
[SourceDate "2004.09.01"]
[SourceVersion "2"]
[SourceVersionDate "2004.09.01"]
[SourceQuality "1"]

1. c4 g5 2. d4 Bg7 3. Nc3 c5 4. d5 Bxc3+ 5. bxc3 Qa5 6. Qc2 h6 7. e4 d6 8. f4 gxf4 9. Bxf4 Nf6 10. Bd3 Rg8 11. Nf3 Bg4 12. h3 Bxf3 13. gxf3 Nbd7 14. Kf2 0-0-0 15. Rhg1 Ne5 16. Be2 Qc7 17. Rxg8 Rxg8 18. Rg1 Qd8 19. Rxg8 Qxg8 20. Bh2 Qg6 21. Qd1 Kc7 22. Qg1 Qxg1+ 23. Kxg1 Ng6 24. Kf2 Kb6 25. Ke3 Ka5 26. Bd1 Ne5 27. Bxe5 dxe5 28. f4 Nd7 29. Bg4 exf4+ 30. Kxf4 Nb6 31. Bh5 Ka4 32. Bxf7 Ka3 33. e5 Kxa2 34. Bh5 Kb3 35. Bg4 Kxc4 36. d6 exd6 37. e6 Nc8 38. Kf5 a5 39. Bf3 d5 40. Ke5 a4 41. Bxd5+ Kxc3 42. Bxb7 a3 43. Bxc8 a2 44. e7 a1Q 45. Bd7 Kd2+ 46. Ke6 Qa8 47. e8Q Qe4+ 48. Kd6 Qd4+ 49. Kc6 c4 50. Qg6 Qe3 51. Bf5 Kc3 52. Qg4 Qe8+ 53. Kd6 Qd8+ 54. Ke5 Qe7+ 55. Be6 Qc5+ 56. Kf6 h5 57. Qxc4+ Qxc4 58. Bxc4 Kxc4 59. Kg5 Kd5 60. Kxh5 Ke6 61. Kg6 Ke7 62. Kg7 1-0

[Event "Valencia Autonomico-A"]
[Site "Valencia"]
[Date "2004.01.24"]
[Round "2.7"]
[White "Codina Tormo, Julia"]
[Black "Carrasco Sagredo, Manuel"]
[Result "0-1"]
[WhiteElo "2005"]
[BlackElo "2086"]
[PlyCount "72"]
[EventDate "2004.01.17"]
[EventType "team"]
[EventRounds "4"]
[EventCountry "ESP"]
[SourceTitle "CBM 098 Extra"]
[Source "ChessBase"]
[SourceDate "2004.03.10"]
[SourceVersion "2"]
[SourceVersionDate "2004.03.10"]
[SourceQuality "1"]

1. e4 c5 2. Nf3 Nc6 3. d4 cxd4 4. Nxd4 Nf6 5. Nc3 d6 6. f3 Nxd4 7. Qxd4 g6 8. Bg5 Bg7 9. Qe3 0-0 10. Bh6 Bxh6 11. Qxh6 Be6 12. Be2 Rc8 13. Qe3 Qa5 14. 0-0 a6 15. a3 Rfd8 16. Rad1 Rc6 17. Rd2 Rdc8 18. Bd3 b5 19. Ne2 Bc4 20. Nd4 Qb6 21. Re1 R6c7 22. c3 Nd7 23. Bxc4 bxc4 24. Rb1 Nc5 25. Nc2 a5 26. h4 Rb7 27. h5 Na4 28. Qxb6 Rxb6 29. Ne3 gxh5 30. Nd1 Rc5 31. Kf2 Kg7 32. Ke3 Kf6 33. f4 Rb8 34. Kf3 Rcb5 35. g3 Rb3 36. Ne3 Nxb2 0-1

[Event "Valencia Once op 9th"]
[Site "Valencia"]
[Date "2003.10.03"]
[Round "6.5"]
[White "Castella Garcia, Fausto"]
[Black "Carrasco Sagredo, Manuel"]
[Result "1-0"]
[WhiteElo "2302"]
[BlackElo "2079"]
[PlyCount "55"]
[EventDate "2003.09.27"]
[EventType "swiss"]
[EventRounds "7"]
[EventCountry "ESP"]
[SourceTitle "CBM 096 Extra"]
[Source "ChessBase"]
[SourceDate "2003.10.22"]
[SourceVersion "2"]
[SourceVersionDate "2003.10.20"]
[SourceQuality "1"]

1. e4 c5 2. Nf3 d6 3. d4 cxd4 4. Nxd4 Nf6 5. Nc3 Nc6 6. Bg5 e6 7. Qd2 a6 8. 0-0-0 h6 9. Bf4 Bd7 10. Nxc6 Bxc6 11. Qe1 Be7 12. f3 Qc7 13. Qf2 e5 14. Be3 b5 15. Kb1 b4 16. Nd5 Nxd5 17. exd5 Bd7 18. g4 Bg5 19. Bxg5 hxg5 20. Qd2 0-0 21. h4 f5 22. hxg5 fxg4 23. g6 Rxf3 24. Qh2 Rh3 25. Bxh3 gxh3 26. Rdf1 Qa5 27. Qf2 Qxd5 28. Qh4 1-0